'F' Blitz Quiz Stats

Quiz Updated May 11, 2018

Also try: 'G' Blitz
Challenge
Share
Tweet
Embed
Score 0/40 Timer 04:00
10 Plays Today
Category Answer % Correct
Day of the WeekFriday
99.7%
Single Digit NumberFive
97%
MonthFebruary
94.8%
US StateFlorida
93.2%
Poker HandFull House
88.8%
Leg BoneFemur
88%
European CountryFinland
87.3%
SeasonFall
87.3%
Italian Car ManufacturerFerrari
87.3%
Simpsons' CharacterFlanders
85.5%
Scooby-Doo CharacterFred
78.3%
Black Eyed Peas MemberFergie
77.5%
Orchestral InstrumentFlute
76.7%
Holy Trinity MemberFather
72.5%
Mary Shelley NovelFrankenstein
68.1%
US PresidentFord
65.2%
Temperature ScaleFahrenheit
61.7%
Hobbit Fellowship MemberFrodo
58.7%
Walt Disney Animated ClassicFantasia
56.5%
Classical ElementFire
55.6%
Category Answer % Correct
Plague of EgyptFrogs
54.1%
'Days of Christmas' Bird (no numbers)French Hen
53.4%
Oceania CountryFiji
53.2%
Emmy Comedy Winner (Show)Frasier
52.2%
ElementFluorine
48.3%
FruitFig
45%
NHL Team NameFlyers
44.9%
Matt Groening ShowFuturama
40.9%
Harry Potter Member of StaffFilch
38.5%
US State CapitalFrankfort
36.1%
Pixar MovieFinding Nemo
35.9%
Apocalypse Horseman Famine
35.4%
Monopoly SquareFree Parking
30%
James Bond MovieFor Your Eyes Only
28%
A-Team MemberFaceman
26.5%
Premier League (Ever)Fulham
22.1%
Olympic Motto WordFaster
17.1%
Oscar Best PictureForrest Gump
16%
Capital CityFreetown
12.6%
Beatles SongFor You Blue
11.6%

You're not logged in!

Compare scores with friends on all Sporcle quizzes.
Join for Free
OR
Log In

You Might Also Like...

Show Comments

Extras

Top Quizzes Today


Score Distribution

Your Account Isn't Verified!

In order to create a playlist on Sporcle, you need to verify the email address you used during registration. Go to your Sporcle Settings to finish the process.

Report this User

Report this user for behavior that violates our Community Guidelines.

Details: